[Event "Nikaia op 21st"]
[Site "Nikaia"]
[Date "2013.08.31"]
[Round "7"]
[White "Maliaros, Stavros"]
[Black "Tsiros, Fragkiskos Vlasios"]
[Result "0-1"]
[WhiteElo "1782"]
[BlackElo "1969"]
[PlyCount "156"]
[EventDate "2013.08.26"]
[EventType "swiss"]
[EventRounds "9"]
[EventCountry "GRE"]
[SourceTitle "CBM 156 Extra"]
[Source "ChessBase"]
[SourceDate "2013.10.22"]
[SourceVersion "1"]
[SourceVersionDate "2013.10.22"]
[SourceQuality "1"]

1. d4 Nf6 2. Bf4 e6 3. e3 c5 4. c3 Nc6 5. Nd2 d5 6. Bd3 Qb6 7. Rb1 Be7 8. h3 0-0 9. Ngf3 h6 10. 0-0 Nd7 11. Ne5 Ncxe5 12. dxe5 f6 13. Qh5 Nxe5 14. Bxe5 fxe5 15. Qxe5 Bd7 16. e4 Bg5 17. Nf3 Bf4 18. Qh5 c4 19. Bc2 Be8 20. Qh4 Bg6 21. Rfe1 e5 22. Qg4 Rf6 23. Re2 h5 24. Qd7 Rd8 25. Qa4 Qc6 26. Qxc6 bxc6 27. Rd1 Rff8 28. exd5 Bxc2 29. Rxc2 cxd5 30. Re2 e4 31. Nd4 Rf6 32. Nc2 Rfd6 33. Ne3 Kf7 34. Nf5 R6d7 35. Nd4 Kf6 36. Nc6 Rc8 37. Nb4 Ke6 38. Nc2 Be5 39. Nd4+ Bxd4 40. Rxd4 Kf5 41. Red2 Rc5 42. Kf1 Ke6 43. Re2 Kf5 44. Red2 g5 45. Ke2 Ke5 46. Ke3 Rb7 47. Re2 Ra5 48. a3 Rb3 49. f3 Raxa3 50. Kf2 Ra2 51. fxe4 Rbxb2 52. Rxd5+ Kf6 53. Rxb2 Rxb2+ 54. Kf1 Rc2 55. Rf5+ Kg6 56. Rf3 g4 57. hxg4 hxg4 58. Rg3 Kg5 59. e5 Kf5 60. Re3 Ke6 61. g3 a5 62. Ke1 a4 63. Kd1 Rb2 64. Kc1 a3 65. Re4 Rb3 66. Kc2 a2 67. Re1 Rb1 68. Rxb1 axb1Q+ 69. Kxb1 Kxe5 70. Ka2 Ke4 71. Ka3 Kf3 72. Kb4 Kxg3 73. Kxc4 Kh2 74. Kb5 g3 75. c4 g2 76. c5 g1Q 77. c6 Qg8 78. c7 Qc8 0-1

[Event "Nikaia op 21st"]
[Site "Nikaia"]
[Date "2013.08.31"]
[Round "6"]
[White "Rigopoulos Tsigkos, Alexandros"]
[Black "Maliaros, Stavros"]
[Result "1-0"]
[WhiteElo "2066"]
[BlackElo "1782"]
[PlyCount "59"]
[EventDate "2013.08.26"]
[EventType "swiss"]
[EventRounds "9"]
[EventCountry "GRE"]
[SourceTitle "CBM 156 Extra"]
[Source "ChessBase"]
[SourceDate "2013.10.22"]
[SourceVersion "1"]
[SourceVersionDate "2013.10.22"]
[SourceQuality "1"]

1. e4 c5 2. Nf3 Nc6 3. c3 d5 4. exd5 Qxd5 5. d4 cxd4 6. cxd4 e5 7. Nc3 Bb4 8. Bd2 Bxc3 9. Bxc3 exd4 10. Nxd4 Nf6 11. Nxc6 Qxc6 12. Be2 0-0 13. 0-0 Nd5 14. Rc1 Nf4 15. Bf3 Qg6 16. Qd4 Nh3+ 17. Kh1 Ng5 18. Bd5 Ne6 19. Qe5 Kh8 20. f4 f5 21. Rce1 Re8 22. Rf3 Bd7 23. Rg3 Ng5 24. Qd4 Rxe1+ 25. Bxe1 Qa6 26. Rxg5 Qf1+ 27. Qg1 Qxf4 28. Rg3 Qe5 29. Bc3 Qxd5 30. Rxg7 1-0

[Event "Nikaia op 21st"]
[Site "Nikaia"]
[Date "2013.08.29"]
[Round "4"]
[White "Delithanasis, Dimitrios"]
[Black "Maliaros, Stavros"]
[Result "1/2-1/2"]
[WhiteElo "2114"]
[BlackElo "1782"]
[PlyCount "51"]
[EventDate "2013.08.26"]
[EventType "swiss"]
[EventRounds "9"]
[EventCountry "GRE"]
[SourceTitle "CBM 156 Extra"]
[Source "ChessBase"]
[SourceDate "2013.10.22"]
[SourceVersion "1"]
[SourceVersionDate "2013.10.22"]
[SourceQuality "1"]

1. d4 Nf6 2. c4 b6 3. f3 Nc6 4. d5 Ne5 5. e4 e6 6. Nc3 exd5 7. cxd5 Bc5 8. Nh3 d6 9. b4 Bxh3 10. gxh3 Nxe4 11. Nxe4 Bxb4+ 12. Kf2 Qh4+ 13. Kg2 0-0 14. Bg5 Qh5 15. f4 Qg6 16. Ng3 f6 17. Bh4 Qh6 18. fxe5 Qxh4 19. e6 Bc5 20. Qg4 Qh6 21. Nf5 Qd2+ 22. Be2 Qxd5+ 23. Kg3 Qe5+ 24. Kg2 Qd5+ 25. Bf3 Qd2+ 26. Be2 1/2-1/2

[Event "Nikaia op 21st"]
[Site "Nikaia"]
[Date "2013.08.26"]
[Round "1"]
[White "Maliaros, Stavros"]
[Black "Kondopoulos, Dimitrios"]
[Result "1/2-1/2"]
[WhiteElo "1782"]
[BlackElo "2064"]
[PlyCount "69"]
[EventDate "2013.08.26"]
[EventType "swiss"]
[EventRounds "9"]
[EventCountry "GRE"]
[SourceTitle "CBM 156 Extra"]
[Source "ChessBase"]
[SourceDate "2013.10.22"]
[SourceVersion "1"]
[SourceVersionDate "2013.10.22"]
[SourceQuality "1"]

1. d4 d5 2. Nf3 c6 3. Bf4 Qb6 4. Qc1 c5 5. e3 Nc6 6. c3 Bg4 7. Nbd2 cxd4 8. exd4 Nf6 9. Bd3 g6 10. 0-0 Bg7 11. h3 Bf5 12. Qc2 Bxd3 13. Qxd3 0-0 14. Rfe1 Rfc8 15. b3 a5 16. Ne5 Nh5 17. Bh2 Qd8 18. Ndf3 a4 19. Nxc6 Rxc6 20. Ne5 Rcc8 21. Qf3 Nf6 22. g4 Qe8 23. c4 dxc4 24. bxc4 Nd7 25. Qxb7 Bxe5 26. Bxe5 Rxc4 27. Rac1 Nxe5 28. dxe5 Qc8 29. Qxa8 Rxc1 30. Qxc8+ Rxc8 31. Re4 Rc5 32. Rxa4 Rxe5 33. Rc4 Re1+ 34. Kg2 Ra1 35. a4 1/2-1/2

[Event "Nikaia op 13th"]
[Site "Nikaia"]
[Date "2005.08.30"]
[Round "9"]
[White "Maliaros, Stavros"]
[Black "Aggelis, Nikolaos"]
[Result "1/2-1/2"]
[WhiteElo "2225"]
[BlackElo "1953"]
[PlyCount "51"]
[EventDate "2005.08.23"]
[EventType "swiss"]
[EventRounds "9"]
[EventCountry "GRE"]
[SourceTitle "CBM 108 Extra"]
[Source "ChessBase"]
[SourceDate "2005.11.04"]
[SourceVersion "1"]
[SourceVersionDate "2005.11.04"]
[SourceQuality "1"]

1. Nc3 e5 2. Nf3 Nc6 3. d4 exd4 4. Nxd4 Bc5 5. Nf5 Qf6 6. e4 Nge7 7. Ne3 0-0 8. Be2 d6 9. 0-0 Ng6 10. Ned5 Qd8 11. Nb5 Bb6 12. Nxb6 axb6 13. c4 Re8 14. Nc3 Nce7 15. Re1 f5 16. exf5 Bxf5 17. Bf3 Ne5 18. Bxb7 Rb8 19. Bd5+ Nxd5 20. cxd5 Bg4 21. Ne2 Qe7 22. Be3 Nc4 23. Qd4 Nxe3 24. fxe3 Qxe3+ 25. Qxe3 Rxe3 26. Nc3 1/2-1/2

[Event "Nikaia op 13th"]
[Site "Nikaia"]
[Date "2005.08.26"]
[Round "5"]
[White "Maliaros, Stavros"]
[Black "Homatidis, Panagiotis"]
[Result "1-0"]
[WhiteElo "2225"]
[BlackElo "2026"]
[PlyCount "59"]
[EventDate "2005.08.23"]
[EventType "swiss"]
[EventRounds "9"]
[EventCountry "GRE"]
[SourceTitle "CBM 108 Extra"]
[Source "ChessBase"]
[SourceDate "2005.11.04"]
[SourceVersion "1"]
[SourceVersionDate "2005.11.04"]
[SourceQuality "1"]

1. d4 Nf6 2. c4 c5 3. d5 e6 4. Nc3 exd5 5. cxd5 d6 6. e4 g6 7. f4 Bg7 8. Nf3 0-0 9. Bd3 Re8 10. 0-0 a6 11. a4 c4 12. Bc2 Nbd7 13. h3 Qc7 14. Re1 h6 15. Be3 Nh7 16. a5 Nhf8 17. Bd4 Bxd4+ 18. Nxd4 Nc5 19. Qd2 f6 20. f5 g5 21. Ne6 Qe7 22. Qd4 Nfd7 23. Nc7 Rb8 24. Nxe8 Qxe8 25. Na4 Qe5 26. Qxc4 Nxa4 27. Bxa4 b5 28. axb6 Nxb6 29. Qc3 Qxc3 30. bxc3 1-0